Discurso oficial y reparación social /
En 1992 se firmaron los acuerdos de paz y, de cara a la transición en la que se embarcaba, El Salvador tuvo ante sí una invaluable ocasión para intentar elaborar y asimilar la experiencia de guerra, vivida durante más de una década. Sin embargo, esta oportunidad fue ignorada o distorsionada, en el m...
Guardado en:
| Hovedforfatter: | |
|---|---|
| Format: | Texto |
| Fag: | |
| Tags: |
Tilføj Tag
Ingen Tags, Vær først til at tagge denne postø!
|
MARC
| LEADER | 00000 a a2200000 04500 | ||
|---|---|---|---|
| 001 | 5182 | ||
| 003 | |||
| 040 | |||
| 100 | |a Orellana Calderón, Carlos Iván | ||
| 245 | |a Discurso oficial y reparación social / |c Carlos Iván Orellana Calderón | ||
| 500 | |a Resumen de la tesis de graduación con el mismo nombre, presentada en agosto de 1999, para obtener el grado de Licenciatura en Psicología | ||
| 520 | |a En 1992 se firmaron los acuerdos de paz y, de cara a la transición en la que se embarcaba, El Salvador tuvo ante sí una invaluable ocasión para intentar elaborar y asimilar la experiencia de guerra, vivida durante más de una década. Sin embargo, esta oportunidad fue ignorada o distorsionada, en el mejor de los casos. Diversos obstáculos impidieron que un proceso de reparación social se desarrollara, con lo que de nuevo las demandas sociales de justicia y verdad se vieron frustradas. Entre estos obstáculos destaca el discurso oficial como un mecanismo de control social ideológico que, con sus contenidos y difusión particular, ha contribuido a deslegitimar e impedir todo esfuerzo reparatorio. El que la reparación social no se haya desarrollado en el país conlleva serias implicaciones psicosociales y la relación existente entre ésta y el discurso oficial apunta a la existencia de un conflicto del mismo orden, el cual mantiene vigente el dilema de enfrentarse al pasado de la guerra o conformarse con un presente, que invita a proyectarse de forma amnésica hacia el futuro | ||
| 650 | |a GUERRA | ||
| 650 | |a REPRESION | ||
| 650 | |a ASPECTOS PSICOLOGICOS | ||
| 650 | |a DISCURSOS | ||
| 650 | |a CONTROL SOCIAL | ||
| 650 | |a VICTIMAS | ||
| 650 | |a RESULTADOS DE INVESTIGACION | ||
| 773 | |g volumen 57, número 649 -650; páginas 1067-1091 | ||
| 999 | |c 36314 |d 36314 | ||
